[Event "World Team Chess Championship"]
[Site "Khanty-Mansiysk, RUS."]
[Date "2017.06.19"]
[Round "3.4"]
[White "Fedorov Alexei (BLR)"]
[Black "Negi Parimarjan (IND)"]
[Result "1/2-1/2"]
[BlackElo "2670"]
[WhiteElo "2598"]
[LiveChessVersion "1.4.8"]

1. e4 {[%clk 1:30:56]} e5 {[%clk 1:30:32]} 2. Nf3 {[%clk 1:31:11]} Nc6
{[%clk 1:30:50]} 3. Bc4 {[%clk 1:31:12]} Bc5 {[%clk 1:30:12]} 4. O-O
{[%clk 1:31:11]} Nf6 {[%clk 1:29:52]} 5. d3 {[%clk 1:31:11]} d6 {[%clk 1:29:42]}
6. c3 {[%clk 1:30:33]} h6 {[%clk 1:27:08]} 7. Re1 {[%clk 1:26:35]} O-O
{[%clk 1:26:18]} 8. h3 {[%clk 1:26:24]} a6 {[%clk 1:22:33]} 9. a4
{[%clk 1:25:45]} Be6 {[%clk 1:18:36]} 10. Bxe6 {[%clk 1:18:07]} fxe6
{[%clk 1:18:59]} 11. Be3 {[%clk 1:18:33]} Bxe3 {[%clk 1:17:50]} 12. Rxe3
{[%clk 1:18:57]} Nd7 {[%clk 0:38:36]} 13. Nbd2 {[%clk 1:16:01]} Qf6
{[%clk 0:38:54]} 14. a5 {[%clk 1:06:20]} Ne7 {[%clk 0:38:51]} 15. d4
{[%clk 0:58:01]} Ng6 {[%clk 0:38:04]} 16. g3 {[%clk 0:48:21]} Rf7
{[%clk 0:37:57]} 17. Qb3 {[%clk 0:45:41]} Rb8 {[%clk 0:37:56]} 18. Rf1
{[%clk 0:45:46]} Kh8 {[%clk 0:31:40]} 19. Nc4 {[%clk 0:30:52]} Rff8
{[%clk 0:24:06]} 20. Kg2 {[%clk 0:28:13]} exd4 {[%clk 0:19:43]} 21. cxd4
{[%clk 0:27:32]} d5 {[%clk 0:18:57]} 22. exd5 exd5 {[%clk 0:19:26]} 23. Nce5
{[%clk 0:25:37]} Ndxe5 {[%clk 0:18:37]} 24. Nxe5 {[%clk 0:23:10]} Nxe5
{[%clk 0:18:03]} 1/2-1/2

[Event "World Team Chess Championship"]
[Site "Khanty-Mansiysk, RUS."]
[Date "2017.06.19"]
[Round "3.5"]
[White "Shankland Samuel L (USA)"]
[Black "Ding Liren (CHN)"]
[Result "1/2-1/2"]
[BlackElo "2783"]
[WhiteElo "2676"]
[LiveChessVersion "1.4.8"]

1. d4 {[%clk 1:30:52]} Nf6 {[%clk 1:30:45]} 2. c4 {[%clk 1:31:11]} e6
{[%clk 1:31:09]} 3. Nc3 {[%clk 1:31:28]} Bb4 {[%clk 1:31:31]} 4. Nf3
{[%clk 1:31:47]} O-O {[%clk 1:31:35]} 5. Qc2 {[%clk 1:31:48]} d5 {[%clk 1:30:58]}
6. a3 {[%clk 1:30:31]} Bxc3+ {[%clk 1:31:16]} 7. bxc3 {[%clk 1:30:20]} c5
{[%clk 1:26:31]} 8. e3 {[%clk 1:30:21]} Nc6 {[%clk 1:15:59]} 9. cxd5
{[%clk 1:28:14]} exd5 {[%clk 1:16:03]} 10. dxc5 {[%clk 1:26:26]} Qa5
{[%clk 0:58:30]} 11. Bd3 {[%clk 1:19:36]} Qxc5 {[%clk 0:58:00]} 12. a4
{[%clk 1:17:31]} Re8 {[%clk 0:58:20]} 13. Ba3 {[%clk 1:15:05]} Qb6
{[%clk 0:45:14]} 14. O-O {[%clk 1:14:28]} Na5 {[%clk 0:45:34]} 15. Ng5
{[%clk 1:06:51]} g6 {[%clk 0:44:37]} 16. c4 {[%clk 1:06:41]} Qb3 {[%clk 0:35:31]}
17. cxd5 {[%clk 1:03:30]} Qxc2 {[%clk 0:34:53]} 18. Bxc2 {[%clk 1:03:55]} h6
{[%clk 0:34:47]} 19. Nf3 {[%clk 0:56:35]} Nxd5 {[%clk 0:35:11]} 20. Rfd1
{[%clk 0:51:12]} Nb6 {[%clk 0:35:13]} 21. Bb4 {[%clk 0:47:38]} Nc6
{[%clk 0:35:26]} 22. Be1 {[%clk 0:44:23]} Be6 {[%clk 0:35:19]} 23. a5
{[%clk 0:40:44]} Nc4 {[%clk 0:35:19]} 24. Rdc1 {[%clk 0:34:09]} Rac8
{[%clk 0:32:29]} 25. Ba4 {[%clk 0:33:15]} Bd5 {[%clk 0:26:52]} 26. Bc3
{[%clk 0:29:04]} Red8 {[%clk 0:25:42]} 27. Bxc6 {[%clk 0:21:58]} Rxc6
{[%clk 0:23:30]} 28. Ne5 {[%clk 0:20:26]} Nxe5 {[%clk 0:23:44]} 1/2-1/2

[Event "World Team Chess Championship"]
[Site "Khanty-Mansiysk, RUS."]
[Date "2017.06.19"]
[Round "3.6"]
[White "Yu Yangyi (CHN)"]
[Black "Akobian Varuzhan (USA)"]
[Result "1/2-1/2"]
[BlackElo "2673"]
[WhiteElo "2749"]
[LiveChessVersion "1.4.8"]

1. e4 {[%clk 1:30:54]} e6 {[%clk 1:30:51]} 2. d4 {[%clk 1:31:04]} d5
{[%clk 1:31:12]} 3. Nc3 {[%clk 1:31:09]} Nf6 {[%clk 1:31:34]} 4. e5
{[%clk 1:30:55]} Nfd7 {[%clk 1:31:55]} 5. f4 {[%clk 1:31:09]} c5 {[%clk 1:32:21]}
6. Nf3 {[%clk 1:31:23]} b6 {[%clk 1:32:00]} 7. Ne2 {[%clk 1:26:54]} Ba6
{[%clk 1:30:30]} 8. c3 {[%clk 1:22:50]} Nc6 {[%clk 1:22:23]} 9. g3
{[%clk 1:20:22]} Rc8 {[%clk 1:13:43]} 10. a3 {[%clk 1:04:54]} Be7
{[%clk 1:02:58]} 11. Bh3 {[%clk 1:03:19]} g6 {[%clk 1:03:12]} 12. O-O
{[%clk 1:03:38]} Na5 {[%clk 0:55:45]} 13. Rf2 {[%clk 1:01:54]} Bc4
{[%clk 0:55:19]} 14. Be3 {[%clk 1:00:43]} Nb3 {[%clk 0:48:30]} 15. Rb1
{[%clk 0:59:52]} h5 {[%clk 0:46:37]} 16. Nc1 {[%clk 0:59:01]} Nxc1
{[%clk 0:45:58]} 17. Rxc1 {[%clk 0:59:23]} Nb8 {[%clk 0:41:47]} 18. b3
{[%clk 0:49:18]} Ba6 {[%clk 0:41:58]} 19. c4 {[%clk 0:48:34]} cxd4
{[%clk 0:29:38]} 20. Nxd4 {[%clk 0:48:44]} Bxa3 {[%clk 0:29:44]} 21. Nxe6
{[%clk 0:25:45]} fxe6 {[%clk 0:30:02]} 22. Qc2 {[%clk 0:26:07]} Qe7
{[%clk 0:28:14]} 23. Ra1 {[%clk 0:24:36]} 1/2-1/2

[Event "World Team Chess Championship"]
[Site "Khanty-Mansiysk, RUS."]
[Date "2017.06.19"]
[Round "3.11"]
[White "Abdelnabbi Imed (EGY)"]
[Black "Piorun Kacper (POL)"]
[Result "1/2-1/2"]
[BlackElo "2631"]
[WhiteElo "2428"]
[LiveChessVersion "1.4.8"]

1. e4 {[%clk 1:30:58]} c5 {[%clk 1:29:34]} 2. Nf3 {[%clk 1:31:19]} e6
{[%clk 1:29:41]} 3. Nc3 {[%clk 1:31:20]} Nc6 {[%clk 1:29:26]} 4. d4
{[%clk 1:31:39]} cxd4 {[%clk 1:29:49]} 5. Nxd4 {[%clk 1:32:04]} d6
{[%clk 1:30:11]} 6. Be3 {[%clk 1:31:08]} Nge7 {[%clk 1:29:43]} 7. Nb3
{[%clk 1:28:54]} Ng6 {[%clk 1:29:25]} 8. f4 {[%clk 1:27:42]} a6 {[%clk 1:24:10]}
9. Na4 {[%clk 1:22:23]} b5 {[%clk 1:23:17]} 10. Nb6 {[%clk 1:22:39]} Rb8
{[%clk 1:23:44]} 11. Nxc8 {[%clk 1:22:56]} Qxc8 {[%clk 1:24:03]} 12. Be2
{[%clk 1:14:22]} Be7 {[%clk 1:23:58]} 13. O-O {[%clk 1:13:33]} O-O
{[%clk 1:24:01]} 14. c3 {[%clk 1:10:17]} Rd8 {[%clk 1:20:40]} 15. Bd3
{[%clk 1:09:02]} Bf6 {[%clk 1:17:49]} 16. Qe2 {[%clk 1:09:16]} Qc7
{[%clk 1:11:45]} 17. g3 {[%clk 1:05:37]} Nf8 {[%clk 1:04:29]} 18. Rac1
{[%clk 0:56:32]} Qb7 {[%clk 0:55:32]} 19. c4 {[%clk 0:55:25]} Nb4
{[%clk 0:53:54]} 20. Bb1 {[%clk 0:54:44]} bxc4 {[%clk 0:52:14]} 21. Rxc4
{[%clk 0:48:18]} d5 {[%clk 0:52:36]} 22. exd5 {[%clk 0:46:43]} Nxd5
{[%clk 0:33:31]} 23. Bf2 {[%clk 0:45:03]} Qb5 {[%clk 0:33:21]} 24. Re4
{[%clk 0:40:14]} a5 {[%clk 0:32:01]} 25. Qxb5 {[%clk 0:33:49]} Rxb5
{[%clk 0:32:29]} 26. Bd4 {[%clk 0:31:54]} Be7 {[%clk 0:31:06]} 27. Bf2
{[%clk 0:30:17]} Bf6 {[%clk 0:28:01]} 28. Bd4 {[%clk 0:30:13]} Be7
{[%clk 0:19:42]} 29. Bf2 {[%clk 0:30:28]} 1/2-1/2

[Event "World Team Chess Championship"]
[Site "Khanty-Mansiysk, RUS."]
[Date "2017.06.19"]
[Round "3.12"]
[White "Gajewski Grzegorz (POL)"]
[Black "Farahat Ali (EGY)"]
[Result "1/2-1/2"]
[BlackElo "2402"]
[WhiteElo "2628"]
[LiveChessVersion "1.4.8"]

1. d4 {[%clk 1:30:54]} Nf6 {[%clk 1:30:55]} 2. c4 {[%clk 1:31:14]} e6
{[%clk 1:31:17]} 3. Nf3 {[%clk 1:31:37]} Bb4+ {[%clk 1:30:22]} 4. Nbd2
{[%clk 1:32:01]} O-O {[%clk 1:30:05]} 5. a3 {[%clk 1:32:23]} Be7 {[%clk 1:30:19]}
6. e4 {[%clk 1:32:46]} d6 {[%clk 1:30:25]} 7. Be2 {[%clk 1:33:10]} Nfd7
{[%clk 1:26:31]} 8. Nb1 {[%clk 1:30:23]} e5 {[%clk 1:25:24]} 9. Nc3
{[%clk 1:30:36]} exd4 {[%clk 1:22:18]} 10. Nxd4 {[%clk 1:31:01]} Nc6
{[%clk 1:21:55]} 11. Be3 {[%clk 1:25:36]} Bf6 {[%clk 1:12:44]} 12. O-O
{[%clk 1:11:43]} Re8 {[%clk 1:10:35]} 13. Nxc6 {[%clk 1:10:28]} bxc6
{[%clk 1:08:07]} 14. Qc2 {[%clk 1:10:27]} Bb7 {[%clk 0:55:53]} 15. Rfd1
{[%clk 1:05:38]} Qe7 {[%clk 0:52:49]} 16. f3 {[%clk 0:57:24]} a5 {[%clk 0:44:08]}
17. Rab1 {[%clk 0:54:46]} Nc5 {[%clk 0:40:40]} 18. b4 {[%clk 0:49:49]} axb4
{[%clk 0:41:02]} 19. axb4 {[%clk 0:50:10]} Ne6 {[%clk 0:41:12]} 20. Rb3
{[%clk 0:44:58]} Bg5 {[%clk 0:30:56]} 21. Bf2 {[%clk 0:44:31]} Bh4
{[%clk 0:30:16]} 22. g3 {[%clk 0:44:41]} Bf6 {[%clk 0:30:40]} 23. f4
{[%clk 0:44:09]} g6 {[%clk 0:27:08]} 24. Bf3 {[%clk 0:41:45]} Bg7
{[%clk 0:25:48]} 25. h4 {[%clk 0:37:16]} Nf8 {[%clk 0:23:02]} 26. h5
{[%clk 0:28:25]} Nd7 {[%clk 0:17:48]} 27. hxg6 {[%clk 0:27:55]} hxg6
{[%clk 0:18:16]} 28. e5 {[%clk 0:28:00]} dxe5 {[%clk 0:17:34]} 29. f5
{[%clk 0:28:22]} e4 {[%clk 0:16:56]} 30. Nxe4 {[%clk 0:28:13]} Ne5
{[%clk 0:16:08]} 31. Bg2 {[%clk 0:22:26]} gxf5 {[%clk 0:14:31]} 32. Nc5
{[%clk 0:22:54]} Bc8 {[%clk 0:14:35]} 33. Re3 {[%clk 0:20:33]} Be6
{[%clk 0:14:55]} 34. Ree1 {[%clk 0:14:22]} Qg5 {[%clk 0:14:07]} 35. b5
{[%clk 0:10:24]} f4 {[%clk 0:12:35]} 1/2-1/2

[Event "World Team Chess Championship"]
[Site "Khanty-Mansiysk, RUS."]
[Date "2017.06.19"]
[Round "3.13"]
[White "Solak Dragan (TUR)"]
[Black "Tari Aryan (NOR)"]
[Result "1/2-1/2"]
[BlackElo "2593"]
[WhiteElo "2641"]
[LiveChessVersion "1.4.8"]

1. e4 {[%clk 1:30:55]} e5 {[%clk 1:30:47]} 2. Nf3 {[%clk 1:31:13]} Nc6
{[%clk 1:31:10]} 3. Bb5 {[%clk 1:31:40]} a6 {[%clk 1:31:30]} 4. Bxc6
{[%clk 1:31:19]} dxc6 {[%clk 1:31:53]} 5. O-O {[%clk 1:32:11]} Bg4
{[%clk 1:32:13]} 6. h3 {[%clk 1:32:31]} h5 {[%clk 1:32:30]} 7. d3
{[%clk 1:32:10]} Qf6 {[%clk 1:32:34]} 8. Be3 {[%clk 1:30:37]} Bxf3
{[%clk 1:32:16]} 9. Qxf3 {[%clk 1:31:01]} Qxf3 {[%clk 1:32:40]} 10. gxf3
{[%clk 1:31:27]} Bd6 {[%clk 1:32:23]} 11. Nd2 {[%clk 1:31:42]} Ne7
{[%clk 1:32:17]} 12. Rfb1 {[%clk 1:29:12]} f6 {[%clk 1:23:02]} 13. b4
{[%clk 1:25:06]} Ng6 {[%clk 1:21:02]} 14. a4 {[%clk 1:21:35]} Nf8
{[%clk 1:20:36]} 15. c3 {[%clk 1:16:47]} Ne6 {[%clk 1:13:26]} 16. Kf1
{[%clk 1:16:22]} Kf7 {[%clk 0:53:12]} 17. a5 {[%clk 1:15:39]} Rhd8
{[%clk 0:51:52]} 18. Nb3 {[%clk 1:12:58]} Be7 {[%clk 0:48:12]} 19. Ke2
{[%clk 1:13:09]} g6 {[%clk 0:47:45]} 20. d4 {[%clk 1:01:33]} exd4
{[%clk 0:44:25]} 21. Nxd4 {[%clk 1:01:35]} f5 {[%clk 0:38:58]} 22. Nxe6
{[%clk 0:57:02]} Kxe6 {[%clk 0:39:19]} 23. Bd4 {[%clk 0:56:43]} Bf6
{[%clk 0:34:07]} 24. Rd1 {[%clk 0:35:03]} Rd6 {[%clk 0:27:40]} 25. Rd3
{[%clk 0:35:17]} Rad8 {[%clk 0:21:31]} 26. Rad1 {[%clk 0:28:20]} Be7
{[%clk 0:18:40]} 27. Rg1 {[%clk 0:25:36]} Rg8 {[%clk 0:16:08]} 28. Re3
{[%clk 0:23:22]} f4 {[%clk 0:16:18]} 29. Rd3 {[%clk 0:23:46]} Rd7
{[%clk 0:16:15]} 30. Ba7 {[%clk 0:13:08]} Rxd3 {[%clk 0:15:08]} 31. Kxd3
{[%clk 0:13:33]} h4 {[%clk 0:10:40]} 32. Bc5 {[%clk 0:10:37]} Bf6
{[%clk 0:07:58]} 33. Bd4 {[%clk 0:08:11]} Be7 {[%clk 0:07:12]} 34. Bc5
{[%clk 0:07:26]} Bf6 {[%clk 0:07:29]} 35. Bd4 {[%clk 0:04:55]} Be7
{[%clk 0:07:45]} 36. Bc5 {[%clk 0:03:28]} 1/2-1/2

[Event "World Team Chess Championship"]
[Site "Khanty-Mansiysk, RUS."]
[Date "2017.06.19"]
[Round "3.14"]
[White "Urkedal Frode (NOR)"]
[Black "Yilmaz Mustafa (TUR)"]
[Result "1/2-1/2"]
[BlackElo "2630"]
[WhiteElo "2541"]
[LiveChessVersion "1.4.8"]

1. d4 {[%clk 1:30:57]} Nf6 {[%clk 1:30:55]} 2. c4 {[%clk 1:31:23]} e6
{[%clk 1:31:21]} 3. Nf3 {[%clk 1:31:46]} c5 {[%clk 1:31:46]} 4. d5
{[%clk 1:32:08]} d6 {[%clk 1:32:11]} 5. Nc3 {[%clk 1:32:32]} exd5
{[%clk 1:32:37]} 6. cxd5 {[%clk 1:32:56]} g6 {[%clk 1:33:04]} 7. Bf4
{[%clk 1:33:18]} a6 {[%clk 1:33:16]} 8. a4 {[%clk 1:33:41]} Bg7 {[%clk 1:33:42]}
9. h3 {[%clk 1:32:39]} O-O {[%clk 1:34:06]} 10. e3 {[%clk 1:33:07]} Ne8
{[%clk 1:34:07]} 11. Be2 {[%clk 1:32:44]} Nd7 {[%clk 1:34:31]} 12. O-O
{[%clk 1:33:02]} b6 {[%clk 1:34:58]} 13. Qd2 {[%clk 1:24:34]} Ne5
{[%clk 1:34:48]} 14. Rab1 {[%clk 1:20:07]} Bd7 {[%clk 1:27:10]} 15. b4
{[%clk 1:00:37]} Nxf3+ {[%clk 1:27:32]} 16. Bxf3 {[%clk 1:01:02]} f5
{[%clk 1:27:58]} 17. Be2 {[%clk 0:55:02]} c4 {[%clk 1:19:33]} 18. Rfc1
{[%clk 0:51:32]} b5 {[%clk 1:17:00]} 19. Bh2 {[%clk 0:46:13]} Qe7
{[%clk 1:12:35]} 20. Ra1 {[%clk 0:34:52]} Nf6 {[%clk 1:03:34]} 21. Ra3
{[%clk 0:31:49]} Ne4 {[%clk 0:53:20]} 22. Nxe4 {[%clk 0:32:13]} fxe4
{[%clk 0:53:44]} 23. Qa2 {[%clk 0:30:37]} Rad8 {[%clk 0:45:29]} 24. axb5
{[%clk 0:30:34]} axb5 {[%clk 0:45:57]} 25. Ra7 {[%clk 0:30:09]} h5
{[%clk 0:41:55]} 26. Qa6 {[%clk 0:24:21]} Be5 {[%clk 0:41:11]} 27. Bxe5
{[%clk 0:24:35]} Qxe5 {[%clk 0:41:38]} 28. Qa1 {[%clk 0:24:24]} Rf5
{[%clk 0:29:17]} 29. Rc7 {[%clk 0:16:04]} Be8 {[%clk 0:26:19]} 30. g4
{[%clk 0:13:59]} Qxa1 31. Rxa1 {[%clk 0:14:27]} Rf7 {[%clk 0:18:44]} 32. Rxf7
{[%clk 0:12:31]} Kxf7 {[%clk 0:13:47]} 33. gxh5 {[%clk 0:11:16]} gxh5
{[%clk 0:14:16]} 34. Bxh5+ {[%clk 0:10:51]} Kf6 {[%clk 0:14:45]} 35. Bg4
{[%clk 0:10:20]} Bf7 {[%clk 0:10:18]} 36. Kf1 {[%clk 0:07:04]} Bxd5
{[%clk 0:09:27]} 37. Ke1 {[%clk 0:07:08]} Ke5 {[%clk 0:07:46]} 38. Kd2
{[%clk 0:06:54]} Rf8 {[%clk 0:07:38]} 39. Ke1 {[%clk 0:06:04]} Rf7
{[%clk 0:06:45]} 40. Ra3 {[%clk 0:35:32]} Be6 {[%clk 0:34:20]} 41. Ra5
{[%clk 0:33:34]} Rb7 {[%clk 0:24:08]} 42. Kd2 {[%clk 0:32:13]} Bxg4
{[%clk 0:23:08]} 43. hxg4 {[%clk 0:32:33]} d5 {[%clk 0:22:02]} 44. Kc3
{[%clk 0:32:42]} Rb8 {[%clk 0:19:47]} 45. g5 {[%clk 0:29:33]} Rb6
{[%clk 0:16:19]} 46. Ra8 {[%clk 0:25:43]} Rg6 {[%clk 0:14:50]} 47. Re8+
{[%clk 0:25:57]} Re6 {[%clk 0:11:18]} 48. Ra8 {[%clk 0:20:17]} Rg6
{[%clk 0:11:21]} 49. Re8+ {[%clk 0:20:37]} Re6 {[%clk 0:11:35]} 50. Ra8
{[%clk 0:20:26]} 1/2-1/2

[Event "World Team Chess Championship"]
[Site "Khanty-Mansiysk, RUS."]
[Date "2017.06.19"]
[Round "3.20"]
[White "Fedoseev Vladimir (RUS)"]
[Black "Kravtsiv Martyn (UKR)"]
[Result "1/2-1/2"]
[BlackElo "2653"]
[WhiteElo "2690"]
[LiveChessVersion "1.4.8"]

1. e4 {[%clk 1:30:57]} e5 {[%clk 1:30:48]} 2. Nf3 {[%clk 1:31:19]} Nc6
{[%clk 1:31:06]} 3. Bc4 {[%clk 1:31:39]} Nf6 {[%clk 1:31:14]} 4. d3
{[%clk 1:31:55]} Bc5 {[%clk 1:31:10]} 5. c3 {[%clk 1:31:18]} O-O {[%clk 1:30:57]}
6. Nbd2 {[%clk 1:31:32]} a6 {[%clk 1:29:55]} 7. a4 {[%clk 1:30:25]} d6
{[%clk 1:29:43]} 8. O-O {[%clk 1:30:38]} Ba7 {[%clk 1:29:15]} 9. h3
{[%clk 1:30:45]} Ne7 {[%clk 1:27:56]} 10. Re1 {[%clk 1:30:56]} Ng6
{[%clk 1:28:00]} 11. d4 {[%clk 1:30:51]} c6 {[%clk 1:27:37]} 12. Bf1
{[%clk 1:30:33]} Be6 {[%clk 1:25:27]} 13. a5 {[%clk 1:29:18]} exd4
{[%clk 1:20:16]} 14. cxd4 {[%clk 1:24:06]} Re8 {[%clk 1:17:34]} 15. Ra4
{[%clk 1:13:08]} h6 {[%clk 1:10:49]} 16. Qc2 {[%clk 1:10:02]} Qd7
{[%clk 0:59:41]} 17. b3 {[%clk 0:57:51]} Rac8 {[%clk 0:53:12]} 18. e5
{[%clk 0:50:36]} Bf5 {[%clk 0:49:17]} 19. Qd1 {[%clk 0:47:57]} Nd5
{[%clk 0:47:12]} 20. Bb2 {[%clk 0:46:22]} Nc7 {[%clk 0:27:00]} 21. Ra1
{[%clk 0:37:39]} dxe5 {[%clk 0:22:47]} 22. Nxe5 {[%clk 0:31:53]} Nxe5
{[%clk 0:19:23]} 23. dxe5 {[%clk 0:32:13]} Rcd8 {[%clk 0:19:02]} 24. Nc4
{[%clk 0:31:45]} Qxd1 {[%clk 0:19:12]} 25. Raxd1 {[%clk 0:31:13]} Nb5
{[%clk 0:18:49]} 26. Nb6 {[%clk 0:30:12]} Be6 {[%clk 0:13:23]} 27. Bc4
{[%clk 0:27:43]} Bxb6 {[%clk 0:09:58]} 28. axb6 {[%clk 0:28:03]} c5
{[%clk 0:10:19]} 29. f4 {[%clk 0:17:12]} Nd4 {[%clk 0:09:10]} 30. Bxd4
{[%clk 0:16:21]} cxd4 {[%clk 0:09:34]} 31. Re4 {[%clk 0:14:15]} g5
{[%clk 0:04:36]} 32. Rexd4 {[%clk 0:11:51]} Rxd4 {[%clk 0:04:59]} 33. Rxd4
{[%clk 0:12:10]} gxf4 {[%clk 0:05:26]} 34. Bd3 {[%clk 0:10:46]} a5
{[%clk 0:05:07]} 35. Bb5 {[%clk 0:08:44]} Rc8 {[%clk 0:03:40]} 36. b4
{[%clk 0:06:13]} axb4 {[%clk 0:03:13]} 37. Rxb4 {[%clk 0:06:38]} Rc5
{[%clk 0:03:19]} 38. Be2 {[%clk 0:06:56]} Kg7 {[%clk 0:01:02]} 39. h4
{[%clk 0:04:17]} Kg6 {[%clk 0:00:38]} 40. Ba6 {[%clk 0:33:50]} Bc8
{[%clk 0:30:37]} 41. Bd3+ {[%clk 0:27:04]} Bf5 {[%clk 0:30:32]} 42. Be2
{[%clk 0:27:25]} Be6 {[%clk 0:29:22]} 43. Rxf4 {[%clk 0:26:52]} Rxe5
{[%clk 0:28:59]} 44. Kf2 {[%clk 0:26:37]} Rc5 {[%clk 0:24:14]} 45. Bd3+
{[%clk 0:18:47]} Kg7 {[%clk 0:24:37]} 46. Ke2 {[%clk 0:17:30]} Rc6
{[%clk 0:20:46]} 47. Rb4 {[%clk 0:17:48]} Bd5 {[%clk 0:21:00]} 48. g4
{[%clk 0:14:58]} Kf6 {[%clk 0:20:00]} 49. Ke3 {[%clk 0:14:41]} Re6+
{[%clk 0:18:02]} 50. Kf4 {[%clk 0:14:09]} Bg2 {[%clk 0:16:43]} 51. Rb5
{[%clk 0:13:04]} Rd6 {[%clk 0:16:28]} 52. Be2 {[%clk 0:13:16]} Bc6
{[%clk 0:16:08]} 53. Rb4 {[%clk 0:13:05]} Rd2 {[%clk 0:15:45]} 54. Ke3
{[%clk 0:13:23]} Rc2 {[%clk 0:13:47]} 1/2-1/2

[Event "World Team Chess Championship"]
[Site "Khanty-Mansiysk, RUS."]
[Date "2017.06.20"]
[Round "4.3"]
[White "Stupak Kirill (BLR)"]
[Black "Vitiugov Nikita (RUS)"]
[Result "1/2-1/2"]
[BlackElo "2720"]
[WhiteElo "2564"]
[LiveChessVersion "1.4.8"]

1. d4 {[%clk 1:30:58]} Nf6 {[%clk 1:30:29]} 2. c4 {[%clk 1:31:23]} e6
{[%clk 1:30:53]} 3. g3 {[%clk 1:31:44]} c5 {[%clk 1:30:28]} 4. Nf3
{[%clk 1:30:19]} cxd4 {[%clk 1:29:50]} 5. Nxd4 {[%clk 1:30:41]} d5
{[%clk 1:29:11]} 6. Nb3 {[%clk 1:15:14]} Bb4+ {[%clk 1:17:35]} 7. Bd2
{[%clk 1:11:33]} dxc4 {[%clk 1:14:54]} 8. Bxb4 {[%clk 1:09:46]} Qxd1+
{[%clk 1:15:12]} 9. Kxd1 {[%clk 1:10:14]} Nc6 {[%clk 1:10:18]} 10. Bc3
{[%clk 1:03:44]} cxb3 {[%clk 1:10:18]} 11. axb3 {[%clk 1:03:41]} Ne4
{[%clk 1:00:21]} 12. Ke1 {[%clk 1:01:58]} Nxc3 {[%clk 0:59:11]} 13. bxc3
{[%clk 1:02:14]} b6 {[%clk 0:52:00]} 14. Bg2 {[%clk 1:01:14]} Bb7
{[%clk 0:52:26]} 15. Bxc6+ {[%clk 0:46:53]} Bxc6 {[%clk 0:52:31]} 16. f3
{[%clk 0:47:21]} Ke7 {[%clk 0:39:22]} 17. Kf2 {[%clk 0:46:38]} Rhc8
{[%clk 0:37:29]} 18. c4 {[%clk 0:43:04]} a5 {[%clk 0:29:07]} 19. Nc3
{[%clk 0:42:04]} a4 {[%clk 0:20:07]} 20. Nxa4 {[%clk 0:38:16]} Bxa4
{[%clk 0:20:32]} 21. Rxa4 {[%clk 0:38:40]} Rxa4 {[%clk 0:20:57]} 22. bxa4
{[%clk 0:39:04]} Rxc4 {[%clk 0:20:55]} 23. Rb1 {[%clk 0:39:26]} Rxa4
{[%clk 0:21:04]} 24. Rxb6 {[%clk 0:39:54]} Kf6 {[%clk 0:21:21]} 25. h4
{[%clk 0:40:09]} 1/2-1/2